[Event "SVK-chT4 A21 1617"]
[Site "Slovakia"]
[Date "2016.12.04"]
[Round "5.5"]
[White "Mysicka, Miroslav"]
[Black "Kastler, Peter"]
[Result "1-0"]
[WhiteElo "1664"]
[BlackElo "1751"]
[PlyCount "227"]
[EventDate "2016.10.09"]
[EventType "team-tourn"]
[EventRounds "11"]
[EventCountry "SVK"]
[SourceTitle "EXT 2020"]
[Source "ChessBase"]
[SourceDate "2019.10.17"]
[SourceVersion "1"]
[SourceVersionDate "2019.10.17"]
[SourceQuality "1"]
[WhiteTeam "Brezova pod Bradlom"]
[BlackTeam "Gbely Nafta III"]
[WhiteTeamCountry "SVK"]
[BlackTeamCountry "SVK"]

1. e4 e6 2. d4 d5 3. e5 c5 4. c3 Qb6 5. Nf3 Nc6 6. g3 cxd4 7. cxd4 Nge7 8. Bh3 Nf5 9. Bxf5 Bb4+ 10. Nc3 exf5 11. 0-0 Bxc3 12. bxc3 0-0 13. Bd2 Be6 14. Rb1 Qa6 15. Qc2 Na5 16. Nh4 Nc4 17. Ra1 Nxd2 18. Qxd2 Rac8 19. Rfc1 Rc4 20. Rc2 Rfc8 21. Rb1 b6 22. Rb4 Rxb4 23. cxb4 Rc4 24. Ng2 Rxc2 25. Qxc2 Qc4 26. Qxc4 dxc4 27. Ne3 c3 28. d5 Bxd5 29. Kf1 Bxa2 30. Ke2 Bb1 31. Nd5 c2 32. Kd2 Kf8 33. f4 Ba2 34. Ne3 c1Q+ 35. Kxc1 g6 36. Kb2 Be6 37. Kc3 Ke7 38. Nc2 Kd7 39. Nd4 a6 40. Kd3 Kc7 41. Kc3 b5 42. Kd3 Kb6 43. Kc3 a5 44. Nc2 a4 45. Kb2 Bc4 46. Ne3 Kc6 47. Ka3 Be6 48. Kb2 Kd7 49. Nc2 Ke7 50. Kc3 Kd8 51. Na3 Bd7 52. Kd4 Kc7 53. Kc5 Bc6 54. Nc2 Be4 55. Na3 Bd3 56. Kd4 Bf1 57. Kc5 Kd7 58. Kd5 Ke7 59. Nc2 Bc4+ 60. Kd4 Ke6 61. Na3 Bf1 62. Nc2 Bg2 63. Na3 Bc6 64. Kc5 Be8 65. Kd4 f6 66. exf6 Kxf6 67. Ke3 h6 68. h4 g5 69. hxg5+ hxg5 70. Kd4 gxf4 71. gxf4 Ke6 72. Nc2 Bh5 73. Na3 Be2 74. Nb1 Kd6 75. Na3 Ke6 76. Nb1 Kf6 77. Nc3 Bc4 78. Nb1 Kg6 79. Na3 Bf1 80. Ke5 Bd3 81. Kd4 Be2 82. Ke3 Bf1 83. Kd4 Kh5 84. Nc2 Bg2 85. Na3 Bc6 86. Nb1 Kg4 87. Ke3 Kg3 88. Na3 Kg2 89. Ke2 Kg1 90. Ke1 Kg2 91. Ke2 Be8 92. Ke3 Kf1 93. Kf3 Ke1 94. Ke3 Kd1 95. Kd3 Bh5 96. Kd4 Be2 97. Kc3 Kc1 98. Nc2 Kb1 99. Na3+ Ka2 100. Nc2 Bf1 101. Ne3 Bh3 102. Kc2 a3 103. Nd1 Bf1 104. Ne3 Bh3 105. Nd5 Bg2 106. Nc3+ Ka1 107. Nxb5 Be4+ 108. Kc1 Ka2 109. Nd4 Ka1 110. b5 Ka2 111. b6 Ka1 112. Nxf5 Ka2 113. Nd4 Bd5 114. f5 1-0

[Event "SVK-chT5 SE-SI 1415"]
[Site "Slovakia"]
[Date "2015.03.07"]
[Round "10.1"]
[White "Diviak, Rudolf"]
[Black "Mysicka, Miroslav"]
[Result "1/2-1/2"]
[WhiteElo "1836"]
[BlackElo "1801"]
[PlyCount "43"]
[EventDate "2014.10.18"]
[EventType "team-tourn"]
[EventRounds "11"]
[EventCountry "SVK"]
[SourceTitle "EXT 2022"]
[Source "ChessBase"]
[SourceDate "2021.10.06"]
[SourceVersion "1"]
[SourceVersionDate "2021.10.06"]
[SourceQuality "1"]
[WhiteTeam "Senica CVC"]
[BlackTeam "Senica Slovakia"]
[WhiteTeamCountry "SVK"]
[BlackTeamCountry "SVK"]

1. e4 c5 2. Bc4 Nc6 3. c3 Nf6 4. Qe2 e5 5. d3 Be7 6. Nf3 0-0 7. 0-0 a6 8. Bb3 b5 9. Nbd2 d6 10. Re1 Bg4 11. Nf1 b4 12. Ng3 a5 13. h3 Be6 14. Ba4 Qc7 15. Nf5 Bxf5 16. exf5 Rac8 17. Bg5 bxc3 18. bxc3 Nd5 19. Bd2 Nf6 20. Rab1 Rb8 21. Ng5 h6 22. Ne4 1/2-1/2

[Event "SVK-chT5 SE-SI 1314"]
[Site "Slovakia"]
[Date "2014.03.01"]
[Round "9.1"]
[White "Benak, Peter"]
[Black "Mysicka, Miroslav"]
[Result "1-0"]
[WhiteElo "1601"]
[BlackElo "1853"]
[PlyCount "115"]
[EventDate "2013.10.19"]
[EventType "team-tourn"]
[EventRounds "11"]
[EventCountry "SVK"]
[SourceTitle "EXT 2022"]
[Source "ChessBase"]
[SourceDate "2021.10.06"]
[SourceVersion "1"]
[SourceVersionDate "2021.10.06"]
[SourceQuality "1"]
[WhiteTeam "Holic II"]
[BlackTeam "Senica Slovakia"]
[WhiteTeamCountry "SVK"]
[BlackTeamCountry "SVK"]

1. e4 e5 2. Nf3 Nc6 3. Bc4 Bc5 4. d3 Nf6 5. 0-0 0-0 6. Nc3 a6 7. Bg5 Be7 8. Re1 b5 9. Bb3 d6 10. h3 Na5 11. Qd2 Nxb3 12. axb3 c5 13. Nxb5 Bb7 14. Na3 h6 15. Bxf6 Bxf6 16. Nc4 Qb8 17. Nb6 Ra7 18. Nd7 Qd8 19. Nxf8 Qxf8 20. b4 cxb4 21. Qxb4 Bd8 22. Nd2 a5 23. Qb5 Qe7 24. Nc4 Ba6 25. Qd5 Bxc4 26. Qxc4 Rb7 27. Reb1 Kh7 28. b4 Rc7 29. Qa2 axb4 30. Rxb4 Qg5 31. c4 f5 32. exf5 Qxf5 33. Qe2 g6 34. Qe4 Qxe4 35. dxe4 Kg7 36. Ra8 Be7 37. Rab8 Kf7 38. R8b7 Rc8 39. Ra4 h5 40. Raa7 Re8 41. Rd7 Ke6 42. g3 Bf6 43. h4 Rc8 44. Rac7 Ra8 45. Ra7 Rc8 46. Rdc7 Rb8 47. Rc6 Rb2 48. Raa6 Be7 49. c5 Rc2 50. cxd6 Rxc6 51. Rxc6 Bxd6 52. Kf1 Kd7 53. Ra6 Ke6 54. Ke2 Ke7 55. Kd3 Kd7 56. Kc4 Ke6 57. Rb6 Kf7 58. Rxd6 1-0

[Event "SVK-chT5 SE-SI 1314"]
[Site "Slovakia"]
[Date "2013.11.30"]
[Round "4.1"]
[White "Mysicka, Miroslav"]
[Black "Brunovsky, Peter"]
[Result "1/2-1/2"]
[WhiteElo "1853"]
[BlackElo "1829"]
[PlyCount "58"]
[EventDate "2013.10.19"]
[EventType "team-tourn"]
[EventRounds "11"]
[EventCountry "SVK"]
[SourceTitle "EXT 2022"]
[Source "ChessBase"]
[SourceDate "2021.10.06"]
[SourceVersion "1"]
[SourceVersionDate "2021.10.06"]
[SourceQuality "1"]
[WhiteTeam "Senica Slovakia"]
[BlackTeam "Gbely Nafta II"]
[WhiteTeamCountry "SVK"]
[BlackTeamCountry "SVK"]

1. e4 c6 2. d4 d5 3. Nc3 dxe4 4. Nxe4 Nf6 5. Nxf6+ gxf6 6. Bc4 Bf5 7. Be3 e6 8. Ne2 Bd6 9. Ng3 Bg6 10. c3 Nd7 11. Qd2 Qc7 12. 0-0-0 0-0-0 13. Rhf1 Nb6 14. Bd3 Kb8 15. f4 Bxd3 16. Qxd3 f5 17. Nh1 Nd5 18. g3 Nf6 19. Nf2 h5 20. Qc2 Ng4 21. Nxg4 hxg4 22. Bg1 Be7 23. Qa4 b5 24. Qb3 Qd6 25. a4 Qd5 26. Qc2 Rd7 27. axb5 cxb5 28. Rfe1 Bd6 29. Kd2 Rc8 1/2-1/2